Tục xin lửa đêm giao thừa ở làng biển Cảnh Dương - Quảng Bình

Cảnh Dương – Vùng đất và truyền thống văn hóa. Tục lấy lửa _Phong tục độc đáo làng biển Cảnh Dương _ Quảng Bình.. Ý nghĩa và việc giữ gìn phát huy giá trị phong tục xin lửa trong việc xây dựng đời sống văn hóa cộng đồng hiện nay...

ver descrição completa

Na minha lista:
Detalhes bibliográficos
Autor principal: Phan Văn Thủy
Outros Autores: Hoàng Hoài Thương (Hướng dẫn)
Formato: Livro
Idioma:Vietnamese
Publicado em: Đà Nẵng Đại học Sư phạm, Đại học Đà Nẵng 2013
Assuntos:
Tags: Adicionar Tag
Sem tags, seja o primeiro a adicionar uma tag!
Thư viện lưu trữ: Mạng thư viện Đại học Đà Nẵng
LEADER 01865nam a2200397 4500
001 000018915
003 15350
005 20140311090353.0
008 140219s2013 viesd
041 |a vie 
072 |a VHH 
082 1 4 |a 394.2614  |b PH-T 
100 1 |a Phan Văn Thủy 
245 1 0 |a Tục xin lửa đêm giao thừa ở làng biển Cảnh Dương - Quảng Bình  |c Phan Văn Thủy ; Hoàng Hoài Thương hướng dẫn  |k Khóa luận tốt nghiệp 
260 |a Đà Nẵng  |b Đại học Sư phạm, Đại học Đà Nẵng  |c 2013 
300 |a 63 tr., phụ lục 3 tr.  |b Hình mh.  |c 29 cm. 
500 |a Khóa luận tốt nghiệp đại học. Chuyên ngành: Cử nhân Văn hóa học 
520 |a Cảnh Dương – Vùng đất và truyền thống văn hóa. Tục lấy lửa _Phong tục độc đáo làng biển Cảnh Dương _ Quảng Bình.. Ý nghĩa và việc giữ gìn phát huy giá trị phong tục xin lửa trong việc xây dựng đời sống văn hóa cộng đồng hiện nay 
650 0 4 |a Tục xin lửa  |v Khóa luận tốt nghiệp  |x Ngày Tết  |z Quảng Bình (Cảnh Dương) 
653 |a Phong tục tập quán 
653 |a Khoa Ngữ văn 
653 |a Tín ngưỡng 
653 |a Tục xin lửa 
653 |a Đêm giao thừa 
653 |a Cảnh Dương 
700 1 |a Hoàng Hoài Thương  |e Hướng dẫn 
OWN |a LSP 
AVA |a UDN50  |b LSP  |d 394.2614 PH-T  |e available  |t Error 5001 Not defined in file expand_doc_bib_avail.  |f 1  |g 0  |h N  |i 0  |k 1 
999 |a From the UDN01 
AVA |a UDN50  |b LSP  |d 394.2614 PH-T  |e available  |t Error 5001 Not defined in file expand_doc_bib_avail.  |f 1  |g 0  |h N  |i 0  |k 1 
TYP |a Monograph 
TYP |a Printed language 
980 |a Mạng thư viện Đại học Đà Nẵng